000 01295cam a22002534a 4500
008 060713r20061963nyua b 000 0 eng
020 _a0486453510 (pbk.)
040 _aDLC
_cDLC
_dDLC
041 1 _aeng
_hrus
082 0 0 _a510/D986m
_222
100 1 _aDynkin, E. B.
_q(Evgeniĭ Borisovich),
_d1924-
240 1 0 _aMatematicheskie besedy.
_lEnglish
245 1 0 _aMathematical conversations :
_bMulticolor problems, problems in the theory of numbers, and Random Walks/
_cE.B. Dynkin and V.A. Uspenskii.
260 _aMineola, N.Y. :
_bDover Publications,
_c2006.
300 _avii, 270 p. :
_bill. ;
_c22 cm.
500 _a"This Dover edition ... is an unabridged republication and consolidation of the three [translated and adapted] booklets originally published by D.C. Heath, Boston, in 1963"--T.p. verso.
500 _aThe original three-part Russian work, Matematicheskie besedy, was published in Moscow in 1952.
504 _aIncludes bibliographical references.
650 0 _aMathematics
_vProblems, exercises, etc.
700 1 _aUspenskiĭ, V. A.
_q(Vladimir Andreevich)
856 4 1 _3Table of contents only
_uhttp://www.loc.gov/catdir/toc/fy0709/2006050215.html
856 4 2 _3Publisher description
_uhttp://www.loc.gov/catdir/enhancements/fy0665/2006050215-d.html
942 _2ddc
_cGEN
999 _c76866
_d76855